Central Library OPAC University of Rajshahi
Normal view MARC view

Entry Topical Term

Number of records used in: 2

001 - CONTROL NUMBER

  • control field: 8802

003 - CONTROL NUMBER IDENTIFIER

  • control field: BD-RjUL

005 - DATE AND TIME OF LATEST TRANSACTION

  • control field: 20230905144517.0

008 - FIXED-LENGTH DATA ELEMENTS

  • fixed length control field: 230905|| aca||aabn | a|a d

040 ## - CATALOGING SOURCE

  • Original cataloging agency: BD-RjUL
  • Transcribing agency: BD-RjUL

150 ## - HEADING--TOPICAL TERM

  • Topical term or geographic name entry element: কুরআন
  • General subdivision: ইতিহাস এবং জীবনী

670 ## - SOURCE DATA FOUND

  • Source citation: Work cat.: (BD-RjUL)81855: ইসলাম, মোহা: শহীদুল 8797, সূরাহ আল-ওয়াকি`আহ ও আল-কিয়ামাহ-এ বর্ণিত আখিরাতের চিত্র /, ২০২১